000 00335nam a2200145Ia 4500
100 _aMoseley/ Boodey
942 _cBK
654 _aComputer
245 _aMastering Microsoft office professional for Windows 95
260 _bnone
_aDelhi
_c1996
082 _a5.43
_bMOS/BOO
300 _a1083
546 _aENGLISH
999 _c29932
_d29932